Problémy a perspektívy Železníc Slovenskej republiky. Hľadá sa pevný bod.
Terajší stav technických a finančných prostriedkov v železničnej doprave v SR. Princípy delenia majetku ČSD a dohodnutá spolupráca v oblasti železničnej dopravy SR a ČR. Nový zákon SR o železnici. Zostupný trend v intenzite dopravy. Strategické ciele v oblasti železničnej dopravy v SR. Vyhliadky na...
Gespeichert in:
| 1. Verfasser: | |
|---|---|
| Format: | Buchkapitel |
| Sprache: | Slowakisch |
| Schlagworte: | |
| Tags: |
Keine Tags, Fügen Sie das erste Tag hinzu!
|
MARC
| LEADER | 00000naa a2200000 4500 | ||
|---|---|---|---|
| 001 | r013500 | ||
| 005 | 20221213122947.7 | ||
| 041 | 0 | |a slo | |
| 044 | |a SK | ||
| 245 | 1 | 0 | |a Problémy a perspektívy Železníc Slovenskej republiky. |b Hľadá sa pevný bod. |c M. Čikovský |
| 520 | |a Terajší stav technických a finančných prostriedkov v železničnej doprave v SR. Princípy delenia majetku ČSD a dohodnutá spolupráca v oblasti železničnej dopravy SR a ČR. Nový zákon SR o železnici. Zostupný trend v intenzite dopravy. Strategické ciele v oblasti železničnej dopravy v SR. Vyhliadky na rok 1993. Organizačné usporiadanie a reorganizácia riadenia Železníc SR. | ||
| 610 | 2 | 0 | |a doprava železničná |
| 610 | 2 | 0 | |a Slovensko |
| 610 | 2 | 0 | |a Čechy |
| 610 | 2 | 0 | |a 1993 |
| 610 | 2 | 0 | |a železnice |
| 610 | 2 | 0 | |a ŽSR |
| 610 | 2 | 0 | |a zákony |
| 610 | 2 | 0 | |a 1993 |
| 100 | 1 | |a Čikovský, M. | |